000 00727nam a22002537a 4500
008 131127b xxu||||| |||| 00| 0 eng d
020 _a0-421-39610-5
024 _cAvailable
037 _cAvailable
040 _aMBSTU LIBRARY
_dMBSTU LIBRARY
082 _222
_a352.3 WAR
100 _aWalton, Rayment.
245 _aReceivers and asministrators.
250 _a7th
260 _aLondon.
_bSweet and Matwell.
_c1990
300 _a25 cm.
_b561 page
_f1
_g25 cm.
600 _2Executive management.
650 _2Executive management.
700 _aWalton, Rayment.
270 _aLondon
_bLondon.
_dUK.
365 _b9000.00
_d9000.00
942 _2ddc
_cBK
999 _c899
_d899